LEADER 01430nam 2200397 n 450 001 996394562103316 005 20221108081858.0 035 $a(CKB)3810000000008904 035 $a(EEBO)2240904592 035 $a(UnM)99826161 035 $a(UnM)9927640900971 035 $a(EXLCZ)993810000000008904 100 $a19941130d1656 uy | 101 0 $aeng 135 $aurbn||||a|bb| 200 10$aMorbus satanicus, = the devils disease: or, The sin of pride arraigned and condemned$b[electronic resource]$eThe fifth edition, with many additions. By Andrew Jones, student in Divinity 210 $aLondon $cprinted for John Andrews, at the White Lion near [..$d1656?] 215 $a[24] p 300 $aPublication date suggested by Wing. 300 $aWoodcut portrait on title page. 300 $aSignatures: A B⁴. 300 $aReproduction of the original in the Henry E. Huntington Library and Art Gallery. 330 $aeebo-0113 606 $aPride and vanity$vEarly works to 1800 606 $aChristian life$vEarly works to 1800 615 0$aPride and vanity 615 0$aChristian life 700 $aJones$b Andrew$cM.A.$0569681 801 0$bCu-RivES 801 1$bCu-RivES 801 2$bCStRLIN 801 2$bWaOLN 906 $aBOOK 912 $a996394562103316 996 $aMorbus Satanicus, the devils disease, or, The sin of pride arraigned and condemned$91886269 997 $aUNISA LEADER 04352nam 2200721 450 001 9910787179903321 005 20230803205100.0 010 $a90-04-24617-7 024 7 $a10.1163/9789004246171 035 $a(CKB)3710000000239486 035 $a(EBL)1786609 035 $a(SSID)ssj0001333901 035 $a(PQKBManifestationID)11795635 035 $a(PQKBTitleCode)TC0001333901 035 $a(PQKBWorkID)11393868 035 $a(PQKB)11099954 035 $a(MiAaPQ)EBC1786609 035 $a(OCoLC)890982328$z(OCoLC)891697547 035 $a(nllekb)BRILL9789004246171 035 $a(Au-PeEL)EBL1786609 035 $a(CaPaEBR)ebr10930771 035 $a(CaONFJC)MIL644039 035 $a(OCoLC)890982328 035 $a(EXLCZ)993710000000239486 100 $a20140925h20142014 uy 0 101 0 $aeng 135 $aur|n|---||||| 181 $ctxt 182 $cc 183 $acr 200 10$aTheoretical and experimental aspects of syntax-discourse interface in heritage grammars /$fTanya Ivanova-Sullivan 210 1$aLeiden, Netherlands :$cBrill,$d2014. 210 4$d2014 215 $a1 online resource (220 p.) 225 1 $aEmpirical Approaches to Linguistic Theory,$x2210-6243 ;$vVolume 6 300 $aDescription based upon print version of record. 311 $a1-322-12786-7 311 $a90-04-24616-9 320 $aIncludes bibliographical references and index. 327 $tPreliminary Material /$rTanya Ivanova-Sullivan --$tIntroduction /$rTanya Ivanova-Sullivan --$t1 Methodology and Sociolinguistic Findings /$rTanya Ivanova-Sullivan --$t2 Input and Order of Acquisition as Variables in the Study /$rTanya Ivanova-Sullivan --$t3 Syntactic and Discourse-Pragmatic Conditions on the Distribution of Null and Overt Subjects in Russian /$rTanya Ivanova-Sullivan --$t4 Optionality in Bilingual Grammars: Establishing Anaphoric Dependencies in Pro-Drop Languages /$rTanya Ivanova-Sullivan --$t5 Anaphoric Pronouns in Oral Production /$rTanya Ivanova-Sullivan --$t6 Deictic Pronouns in Oral Production /$rTanya Ivanova-Sullivan --$t7 Anaphora Resolution in Globally Ambiguous Contexts /$rTanya Ivanova-Sullivan --$t8 Pronominal Resolution and Coherence Relations /$rTanya Ivanova-Sullivan --$t9 Pedagogical Implications of the Study /$rTanya Ivanova-Sullivan --$tConclusions /$rTanya Ivanova-Sullivan --$tAppendix 1 /$rTanya Ivanova-Sullivan --$tAppendix 2 /$rTanya Ivanova-Sullivan --$tReferences /$rTanya Ivanova-Sullivan --$tIndex /$rTanya Ivanova-Sullivan. 330 $aIn Theoretical and Experimental Aspects of Syntax-Discourse Interface in Heritage Grammars , Tanya Ivanova-Sullivan investigates comprehension and production of anaphoric dependencies with null and overt subject pronouns. She discusses the divergent behaviour of the heritage speakers of Russian by providing a closer look at their proficiency level, quantity of input and order of language acquisition. She explains the results with various degrees of successful application of pragmatic principles and efficiency in allocating cognitive resources. The contribution of the monograph lies in the discussion of theoretical and experimental issues related to anaphora resolution along with an investigation of all aspects of representation and processing of anaphoric pronouns by various kinds of bilinguals: heritage speakers, L2 learners and L1 attriters. 410 0$aEmpirical approaches to linguistic theory ;$vVolume 6. 606 $aRussian language$xGrammar, Historical 606 $aRussian language$xSyntax 606 $aRussian language$xPronouns 606 $aAnaphora (Linguistics) 606 $aRussian language$xStudy and teaching$xForeign speakers 606 $aEducation, Bilingual 615 0$aRussian language$xGrammar, Historical. 615 0$aRussian language$xSyntax. 615 0$aRussian language$xPronouns. 615 0$aAnaphora (Linguistics) 615 0$aRussian language$xStudy and teaching$xForeign speakers. 615 0$aEducation, Bilingual. 676 $a491.75 700 $aIvanova-Sullivan$b Tanya$01567239 801 0$bMiAaPQ 801 1$bMiAaPQ 801 2$bMiAaPQ 906 $aBOOK 912 $a9910787179903321 996 $aTheoretical and experimental aspects of syntax-discourse interface in heritage grammars$93838476 997 $aUNINA